000 00543nam a2200229Ia 4500
003 OSt
005 20220912144326.0
006 a|||||r|||| 00| 0
007 ta
008 220909b |||||||| |||| 00| 0 eng d
020 _aSL01024456
024 _a194989
037 _cTextual
040 _aCSL
_beng
_cCSL
041 _aeng
082 _aY:3: (S:43), M9
100 _aconnerton
245 0 _aHow societies remember
700 _aconnerton
942 _hY:3: (S:43), M9
_cTEXL
_2CC
999 _c4929
_d4929